000 00207 a2200097 4500
001 4281
100 _aDurtiam,F.P
245 _aTransistor circuits design
260 _a
_bMcgrawhill
_c
090 _c3498
_d3498
942 _aNUST-CAE
_cM
_c27757
999 _c239354
_d239354